Представление документа в формате RUSMARC

ПолеНазваниеЗначение
  Тип записи a
  Библиографический уровень m
001 Контрольный номер UONB/MAIN/5d227718666f4ac0b84a6231e2b8ee39
005 Дата корректировки 20250520122443.4
010 Индекс ISBN __
a ISBN 5-283-03956-0
b Уточнения в пер.
d Цена 3 р. 50 к.
9 Тираж 2400 экз.
100 Данные общей обработки __
a Данные общей обработки 20220801d1988 u##y0rusy0189## ca
101 Язык документа 0_
a Язык текста rus
102 Страна публикации __
a Страна публикации RU
105 Кодированные данные (монография) __
a Кодированные данные (монография) a z 001yy
200 Заглавие и сведения об ответственности 1_
a Заглавие СВЧ-генераторы плазмы
e Сведения, относящиеся к заглавию физика, техника, применение
f Первые сведения об ответственности В.М. Батенин, И.И. Климовский, Г.В. Лысов, В.Н. Троицкий
210 Выходные данные 1_
a Место издания Москва
c Издательство Энергоатомиздат
d Дата издания 1988
215 Физическое описание __
a Объем 223 с.
c Иллюстрации/тип воспроизводства ил.
d Формат 22 см
320 Библиография __
a Библиография Библиогр.: с. 214-221
606 Тематические рубрики 0_
a Основная рубрика Плазмотроны сверхвысокочастотные
610 Ключевые слова 0_
a Ключевые слова плазмотроны сверхвысокочастотные
675 Индекс УДК __
a Индекс УДК 537.57
686 Индексы других классификаций __
a Классификационный индекс 22.333.2
2 Код системы rubbk
686 Индексы других классификаций __
a Классификационный индекс 34.39
2 Код системы rubbk
701 Альтернативная интеллектуальная ответственность _1
a Фамилия Батенин
b Имя (инициалы) В.М.
701 Альтернативная интеллектуальная ответственность _1
a Фамилия Климовский
b Имя (инициалы) И.И.
701 Альтернативная интеллектуальная ответственность _1
a Фамилия Лысов
b Имя (инициалы) Г.В.
701 Альтернативная интеллектуальная ответственность _1
a Фамилия Троицкий
b Имя (инициалы) В.Н.
801 Источник записи _0
a Страна RU
b Организация Ульяновская ОНБ
c Дата составления 20220801
g Правила каталогизации RCR
801 Источник записи _1
a Страна RU
b Организация Ульяновская ОНБ
c Дата составления 20220801
g Правила каталогизации RCR
901 Тип документа __
t Тип документа m
909 Создатель записи __
a Создатель записи Моргунова
b Дата создания записи 20220801